000 00749nam a2200265Ia 4500
003 OSt
005 20220918164748.0
006 a|||||r|||| 00| 0
007 ta
008 220917b |||||||| |||| 00| 0 eng d
020 _a0745624014 (hbk)
024 _a169,369
037 _cTextual
040 _aARTS
_cARTS
_beng
041 _2eng
_aeng
082 _aW94.1, P1;1
100 _aGuibernau Montserrat Ed.
_920515
245 0 _aUnderstanding nationalism
260 _aCambridge
_bPolity Press
_c2001
300 _axiii, 284p.
_ccm.
650 _aPOLITICAL SCIENCE
700 _a Hutchinson John Ed.
_920516
942 _hW94.1, P1;1
_cTEXL
_2CC
999 _c126387
_d126387